|
|
|
|
| LEADER |
00000cam a2200000 7i4500 |
| 001 |
0000001236 |
| 005 |
20140323.0 |
| 020 |
0 |
0 |
|a 9251023220
|
| 090 |
0 |
0 |
|a FAO343.602
|b SCH 1986
|
| 100 |
1 |
0 |
|a SCHMITHUSEN
|h Franz
|
| 245 |
1 |
0 |
|a Forest legislation in selected African countries :
|b based on the review and analysis of forest legislation in 11 member countries of the African Timber Organization
|c by Franz Schmithusen
|
| 260 |
0 |
0 |
|a Rome :
|b Food and Agriculture Organization of the United Nations ,
|c 1986
|
| 300 |
|
|
|a vi, 345 p. ;
|c 30.cm.
|
| 440 |
0 |
0 |
|a FAO forestry paper ; v. 65
|
| 500 |
0 |
0 |
|a Texts in English and French
|
| 650 |
0 |
0 |
|a Forestry law and legislation
|
| 710 |
1 |
1 |
|a Food and Agriculture Organization of the United Nations (FAO)
|
| 998 |
|
|
|a JPSM
|
| 999 |
|
|
|a 0000002174
|b Monograph
|c Food and Agriculture Organization
|e Default branch
|